000 00506cam a2200169 4500500
005 20260405002124.0
041 _afre
042 _adc
100 1 0 _aPortevin, Catherine
_eauthor
245 0 0 _aL’imposteur
260 _c2015.
500 _a96
690 _aJavier Cercas
690 _aMensonge
786 0 _nPhilosophie magazine | 95 | 12-1 | 2015-12-01 | p. 90-90 | 1951-1787
856 4 1 _uhttps://shs.cairn.info/magazine-philosophie-magazine-2015-12-1-page-90?lang=fr&redirect-ssocas=7080
999 _c2054490
_d2054490